000 00192 a2200097 4500
020 _a0917928024
041 _aeng
100 _aSarah Pardee Winchester
245 _aA driven Woman
942 _cBK
999 _c13709
_d13709